MARC

LEADER 00000nam0a2200000 4500
001 349060
005 20231102010151.0
035 |a (RuTPU)RU\TPU\retro\1045 
090 |a 349060 
100 |a 20180410d1976 m y0rusy50 ca 
101 0 |a rus 
102 |a RU 
105 |a a j 001zy 
200 1 |a Статистика промышленности  |e учебник  |f Г. И. Бакланов, В. Е. Адамов, А. Н. Устинов 
205 |a 3-е изд., перераб. и доп. 
210 |a Москва  |c Статистика  |d 1976 
215 |a 416 с.  |c ил. 
320 |a Библиогр.: с. 412 
606 1 |a Промышленная статистика  |2 stltpush  |3 (RuTPU)RU\TPU\subj\36772  |9 58031 
610 1 |a методы 
610 1 |a задачи 
610 1 |a производство 
610 1 |a реализация 
610 1 |a качество продукции 
610 1 |a промышленные предприятия 
610 1 |a трудовые ресурсы 
610 1 |a производительность труда 
610 1 |a заработная плата 
610 1 |a основные фонды 
610 1 |a оборудование 
610 1 |a технический прогресс 
610 1 |a сырье 
610 1 |a материалы 
610 1 |a топливо 
610 1 |a себестоимость 
610 1 |a оборотные средства 
610 1 |a финансы 
610 1 |a экономико-статистический анализ 
610 1 |a сводки 
610 1 |a учебники 
686 |a У051.9(2)30я73  |v LBC/SL-A  |2 rubbk 
700 1 |a Бакланов  |b Г. И.  |g Глеб Иванович 
701 1 |a Адамов  |b В. Е.  |g Владимир Евгеньевич 
701 1 |a Устинов  |b А. Н.  |g Аркадий Нилович 
801 1 |a RU  |b 63413507  |c 20180410 
801 2 |a RU  |b 63413507  |c 20180411  |g RCR 
942 |c BK